El catolicismo y la cuestión social (Record no. 43466)

MARC details
000 -LEADER
campo de control de longitud fija 00690nam a2200181 i 4500
001 - NÚMERO DE CONTROL
campo de control 43466
003 - IDENTIFICADOR DE NÚMERO DE CONTROL
campo de control ES-MaACL
005 - FECHA Y HORA DE LA ÚLTIMA TRANSACCIÓN
campo de control 20230906160812.0
007 - CAMPO FIJO DE DESCRIPCIÓN FÍSICA--INFORMACIÓN GENERAL
campo de control de longitud fija t|
008 - DATOS DE LONGITUD FIJA--INFORMACIÓN GENERAL
campo de control de longitud fija 030317s1886 sp ||||1| spa d
100 1# - ENTRADA PRINCIPAL--NOMBRE DE PERSONA
Nombre de persona C. G. M.
9 (RLIN) 33033
245 13 - MENCIÓN DEL TÍTULO
Título El catolicismo y la cuestión social
Resto del título : examen crítico de los acuerdos del Congreso Católico de Lieja /
Mención de responsabilidad, etc. por C.G.M.
260 ## - PUBLICACIÓN, DISTRIBUCIÓN, ETC.
Lugar de publicación, distribución, etc. Sabadell :
Nombre del editor, distribuidor, etc. [s.n.],
Fecha de publicación, distribución, etc. 1886 (
Fabricante Imp. Juan Comas Faura)
300 ## - DESCRIPCIÓN FÍSICA
Extensión 63, [3] p. ;
Dimensiones 17 cm.
597 ## - NOTA DE DESCRIPCIÓN FÍSICA
NOTA DE DESCRIPCIÓN FÍSICA En las 3 últimas p.: anuncios de publicaciones de carácter social.
650 #4 - PUNTO DE ACCESO ADICIONAL DE MATERIA--TÉRMINO DE MATERIA
Término de materia o nombre geográfico como elemento de entrada Política social.
9 (RLIN) 16308
852 4# - LOCALIZACIÓN
Ubicación ES-MaACL
Número de control de estantería T-712-F-4
Nota libre - Dedicatoria manuscrita del autor a Gustavo Saenz Díez
Holdings
Estatus retirado Estado de pérdida Estado de daño No para préstamo Colección Biblioteca de origen Biblioteca actual Ubicación en estantería Fecha de adquisición Fuente de adquisición Total de préstamos Signatura topográfica completa Código de barras Visto por última vez Precio de reemplazo Tipo de ítem Koha
        Colección de folletos Biblioteca del Ateneo de Madrid Biblioteca del Ateneo de Madrid Depósito folletos 17/01/2008     T-712-F-4 1045758 23/02/2023 23/02/2023 Folleto